000
00272nam a2200109Ia 4500
008
220204s9999 xx 000 0 und d
082
_a
159.9
_b
CIR
100
_a
Cirese, Sarah
245
0
_a
Quest: A search for self
260
_a
New York
_b
Holt, Rinehart
_c
1977
942
_c
BK
999
_c
28155
_d
28155